On This Day: October 9th Quiz Stats

Quiz Updated Oct 9, 2017

Challenge
Share
Tweet
Embed
Score 0/7 Timer 03:00
0 Plays Today
Question Answer Wrong Answers
Members of the Pakistani Taliban attempt to assassinate this outspoken schoolgirl and activist.
2012
Malala Yousafzai
85.3%
Tawakkol Karman
1.6%
Leymah Gbowee
1.8%
Benazir Bhutto
9.1%
The Cincinnati Reds win the World Series amidst rumors that the ______ intentionally lost after being paid off by gamblers.
1919
Chicago White Sox
77.4%
Detroit Tigers
3.4%
New York Yankees
14.5%
Pittsburgh Pirates
3.4%
The Khmer Republic is proclaimed in ______.
1970
Cambodia
75.9%
Laos
7.8%
Vietnam
9%
Thailand
5.3%
This iconic English singer-songwriter, who formed his first band ‘The Quarrymen’ in Liverpool, is born.
1940
John Lennon
75.4%
Elton John
9.6%
David Bowie
8.7%
Freddie Mercury
4.6%
This man, the founder of Rhode Island, is banished from the Massachusetts Bay Colony after he speaks out against punishments for religious offenses and giving away Native American land.
1635
Roger Williams
51.9%
William Penn
14.5%
John Winthrop
14.9%
John Smith
18.7%
The Cook Islands become a territory of this nation.
1900
United Kingdom
50.4%
United States
13%
Japan
1.4%
Australia
34.3%
Prussia begins the War of the Fourth Coalition against the ______.
1806
French Empire
32.5%
Russian Empire
27.6%
Spanish Empire
4.4%
Holy Roman Empire
34.9%

Today's Daily Dose

Missing Word
NPR Programs

Quick Pick
1991 Events

On This Day
June 18th II

You're not logged in!

Compare scores with friends on all Sporcle quizzes.
Join for Free
OR
Log In

You Might Also Like...

Show Comments

Extras

Top Quizzes Today


Score Distribution

Your Account Isn't Verified!

In order to create a playlist on Sporcle, you need to verify the email address you used during registration. Go to your Sporcle Settings to finish the process.

Report this User

Report this user for behavior that violates our Community Guidelines.

Details: